LEADER 01189nam a2200265 i 4500 001 000000135540 003 CaOOAMICUS 005 20251121110601.0 008 050307s2005 it u000 u ita u 020 $a88-399-2412-4 040 $aSeMil$bita 100 1 $aBrambilla, Franco Giulio,$c.$0(OLS)http://semarc/name/13164 245 10$aAntropologia teologica :$bchi è l'uomo perché te ne curi? /$cFranco Giulio Brambilla. 264 1$aBrescia :$bQueriniana,$c2005. 300 $a636 p. ;$c24 cm. 490 1 $aNuovo corso di teologia sistematica ;$v12 650 4$aAntropologia teologica.$0(OLS)http://semarc/subject/2114 830 0$aNuovo corso di teologia sistematica ;$v12.$0(OLS)http://semarc/title/456884 850 $aSeMil 852 $aSeMil$W1$xVenegono$y1$m2BA R 12$j264667$B89193$CSeMilBibl$Z2$F93997 $81 961 $aOmaggio: Brambilla don Franco Giulio 996 $6020$a88-399-2412-4$9(OLS)http://semarc/number/122904 996 $6245$aAntropologia teologica :$bchi è l'uomo perché te ne curi?$9(OLS)http://semarc/title/198180 996 $6264$aBrescia :$bQueriniana$9(OLS)http://semarc/publisher/29615 LEADER 01487nam a2200277 i 4500 001 000000195353 003 CaOOAMICUS 005 20101210000000.0 008 101210s1953 it u000 u ita u 013 $a174025 040 $aSeMil$bita 245 10$aPartecipazione attiva alla liturgia :$bAtti del 3. Convegno Internazionale di Studi Liturgici Lugano 14 - 18 Settembre 1953 /$ca cura di Luigi Agustoni e Giovanni Wagner. 260 $aComo :$bARS Comacina Lib. Editrice Vescovile,$c1953. 260 $aLugano (Svizzera) :$bCentro di liturgia e pastorale,$c1953. 300 $a254 p. ;$c22 cm. 490 0 $aCollana liturgica ;$v1 650 4$aLiturgia - Teologia.$0(OLS)http://semarc/subject/12266 700 1 $aWagner, Giovanni.$0(OLS)http://semarc/name/70910 700 1 $aAgustoni, Luigi,$c.$0(OLS)http://semarc/name/17900 830 0$aCollana liturgica ;$v1.$0(OLS)http://semarc/title/32302 850 $aSeMil 852 $aSeMil$W1$xVenegono$y1$m3K IV 172$j145922$B145922$CSeMilBibl$Z2$F157438 $81 961 $aRecupero: Biblioteca Seminario Seveso (fino al 1985) 996 $6245$aPartecipazione attiva alla liturgia :$bAtti del 3. Convegno Internazionale di Studi Liturgici Lugano 14 - 18 Settembre 1953$9(OLS)http://semarc/title/281831 996 $6260$aLugano (Svizzera) :$bCentro di liturgia e pastorale$9(OLS)http://semarc/publisher/36096 996 $6260$aComo :$bARS Comacina Lib. Editrice Vescovile$9(OLS)http://semarc/publisher/50748